| 000 | 01320nam a2200301Ia 4500 | ||
|---|---|---|---|
| 001 | crossstitchwaste00hoer | ||
| 003 | CaSfIA | ||
| 005 | 20210118000446.0 | ||
| 007 | cr|||| | ||
| 008 | 830125s1982 gaua 000 0 eng d | ||
| 040 |
_aSLC _cSLC _dCaSfIA |
||
| 035 | _a(OCoLC)9159848 | ||
| 090 |
_aTT778.C65 _bH63x |
||
| 092 |
_a746.44 _bH672c |
||
| 100 | 1 | _aHoerner, Nancy. | |
| 245 | 1 | 0 |
_aCross stitch waste canvas designs / _h[electronic resource] _cby Nancy Hoerner & Suzanne Weyer. |
| 260 |
_aNorcross, Ga. : _bPlaid Enterprises, _cc1982. |
||
| 300 |
_a23 p. : _bill. (some col.) ; _c28 cm. |
||
| 500 | _aTitle from cover. | ||
| 650 | 0 |
_aCounted thread embroidery _vPatterns. |
|
| 650 | 0 |
_aCross-stitch _vPatterns. |
|
| 700 | 1 | _aWeyer, Suzanne. | |
| 856 | 4 | 1 |
_uhttp://www.archive.org/details/crossstitchwaste00hoer _zFree eBook from the Internet Archive |
| 856 | 4 | 2 |
_uhttp://www.openlibrary.org/books/OL24204421M _zAdditional information and access via Open Library |
| 942 | _cEB | ||
| 506 | _fНеобхідна авторизація на https://archive.org/ (створення облікового запису безкоштовно) | ||
| 506 | _fНеобхідна авторизація на https://openlibrary.org/ (створення облікового запису безкоштовно) | ||
| 999 |
_c485559 _d485559 |
||